| 000 -LEADER |
| fixed length control field |
00317nam a22001217a 4500 |
| 008 - FIXED-LENGTH DATA ELEMENTS--GENERAL INFORMATION |
| fixed length control field |
250516b ||||| |||| 00| 0 eng d |
| 020 ## - INTERNATIONAL STANDARD BOOK NUMBER |
| International Standard Book Number |
9781482450750 |
| 082 ## - DEWEY DECIMAL CLASSIFICATION NUMBER |
| Classification number |
613.6 SPI |
| 100 ## - MAIN ENTRY--PERSONAL NAME |
| Personal name |
SPILSBURY,LOUISE |
| Relator term |
AUTHOR |
| 245 ## - TITLE STATEMENT |
| Title |
SURVIVING THE RIVER |
| 260 ## - PUBLICATION, DISTRIBUTION, ETC. |
| Place of publication, distribution, etc. |
NEW YORK |
| Name of publisher, distributor, etc. |
GARETH STEVENS PUBLISHING |
| Date of publication, distribution, etc. |
2017 |
| 942 ## - ADDED ENTRY ELEMENTS (KOHA) |
| Source of classification or shelving scheme |
|